[Event "Oberliga Nord W 2223"]
[Site "Germany"]
[Date "2023.01.15"]
[Round "4.8"]
[White "Schmidt, Dennis"]
[Black "Grosser, Juergen"]
[Result "1-0"]
[WhiteElo "2056"]
[BlackElo "1821"]
[PlyCount "105"]
[EventDate "2022.10.23"]
[EventType "team-tourn"]
[EventRounds "9"]
[EventCountry "GER"]
[SourceTitle "EXT 2025"]
[Source "ChessBase"]
[SourceDate "2024.10.14"]
[SourceVersion "1"]
[SourceVersionDate "2024.10.14"]
[SourceQuality "1"]
[WhiteTeam "Hameln"]
[BlackTeam "Hellern"]
[WhiteTeamCountry "GER"]
[BlackTeamCountry "GER"]

1. e4 c5 2. Nf3 e6 3. d3 d6 4. g3 Nc6 5. Bg2 Nf6 6. 0-0 Be7 7. Re1 0-0 8. Nbd2 d5 9. e5 Nd7 10. Nf1 Qc7 11. Bf4 b5 12. h4 Re8 13. N1h2 Nd4 14. Ng5 Bb7 15. c3 Bxg5 16. Bxg5 Nc6 17. d4 cxd4 18. cxd4 Qb6 19. Be3 Qd8 20. Bf1 a6 21. Rc1 Rc8 22. Bd3 f5 23. exf6 Nxf6 24. Bb1 e5 25. dxe5 Nxe5 26. Rxc8 Qxc8 27. Bd4 Nc6 28. Bxf6 Rxe1+ 29. Qxe1 gxf6 30. Qe3 Kg7 31. Qd3 Qg8 32. Ng4 Ne5 33. Nxe5 fxe5 34. Qc3 Kf6 35. Qc7 Qc8 36. Qxh7 Qc1+ 37. Kh2 Qxb2 38. Qg6+ Ke7 39. Qg7+ Kd6 40. Qf8+ Kc6 41. Bg6 e4 42. Be8+ Kb6 43. Qd6+ Ka7 44. Qc5+ Ka8 45. Bc6 d4 46. Qf8+ Ka7 47. Qf7 Kb6 48. Qxb7+ Ka5 49. Bxe4 Qxf2+ 50. Kh3 Qf1+ 51. Bg2 Qc4 52. Qd5 d3 53. Be4 1-0

[Event "Oberliga Nord W 2122"]
[Site "Germany"]
[Date "2022.05.01"]
[Round "9.5"]
[White "Voege, Tobias"]
[Black "Schmidt, Dennis"]
[Result "1-0"]
[WhiteElo "2286"]
[BlackElo "2078"]
[PlyCount "71"]
[EventDate "2021.10.10"]
[EventType "team-tourn"]
[EventRounds "9"]
[EventCountry "GER"]
[SourceTitle "EXT 2023"]
[Source "ChessBase"]
[SourceDate "2022.10.05"]
[SourceVersion "1"]
[SourceVersionDate "2022.10.05"]
[SourceQuality "1"]
[WhiteTeam "Lister Turm"]
[BlackTeam "Hameln"]
[WhiteTeamCountry "GER"]
[BlackTeamCountry "GER"]

1. d4 Nf6 2. c4 g6 3. Nc3 d5 4. cxd5 Nxd5 5. e4 Nxc3 6. bxc3 Bg7 7. Bc4 c5 8. Ne2 Nc6 9. Be3 0-0 10. 0-0 Qc7 11. Rc1 Rd8 12. f4 e6 13. Qe1 Na5 14. Bd3 f5 15. Kh1 Bd7 16. dxc5 Bc6 17. Nd4 Qe7 18. Bg1 Rd7 19. Rc2 Rad8 20. Re2 Qf7 21. Qb1 fxe4 22. Bxe4 Bd5 23. Bxd5 exd5 24. f5 Nc6 25. Nxc6 bxc6 26. Bd4 Rb7 27. fxg6 hxg6 28. Qe1 Qc7 29. Re6 Bxd4 30. cxd4 Qg7 31. Rxc6 Rdb8 32. Rc8+ Rxc8 33. Qe6+ Rf7 34. Qxc8+ Kh7 35. Qh3+ Kg8 36. Qe6 1-0

[Event "Oberliga Nord W 2122"]
[Site "Germany"]
[Date "2021.11.21"]
[Round "3.5"]
[White "Schmidt, Dennis"]
[Black "Zschischang, Gunnar"]
[Result "1/2-1/2"]
[WhiteElo "2079"]
[BlackElo "2094"]
[PlyCount "43"]
[EventDate "2021.10.10"]
[EventType "team-tourn"]
[EventRounds "9"]
[EventCountry "GER"]
[SourceTitle "EXT 2023"]
[Source "ChessBase"]
[SourceDate "2022.10.05"]
[SourceVersion "1"]
[SourceVersionDate "2022.10.05"]
[SourceQuality "1"]
[WhiteTeam "Hameln"]
[BlackTeam "Lehrte"]
[WhiteTeamCountry "GER"]
[BlackTeamCountry "GER"]

1. e4 c5 2. Nf3 e6 3. d3 d5 4. Nbd2 Nf6 5. g3 Nc6 6. Bg2 Be7 7. 0-0 b6 8. Re1 Bb7 9. e5 Nd7 10. Nf1 g5 11. g4 h5 12. h3 hxg4 13. hxg4 Qc7 14. Qe2 0-0-0 15. c3 Ba6 16. b3 Rde8 17. c4 d4 18. Ng3 Bb7 19. a3 f6 20. exf6 Bxf6 21. Nh5 Nce5 22. Nxe5 1/2-1/2

[Event "GER-chT Online Liga 1 GpB"]
[Site "Playchess.com INT"]
[Date "2021.03.22"]
[Round "7.3"]
[White "Schmidt, Dennis"]
[Black "Fehling, Michael"]
[Result "1/2-1/2"]
[WhiteElo "2049"]
[BlackElo "2182"]
[PlyCount "92"]
[EventDate "2021.01.18"]
[EventType "team-tourn (rapid)"]
[EventRounds "7"]
[EventCountry "GER"]
[SourceTitle "EXT 2022"]
[Source "ChessBase"]
[SourceDate "2021.10.06"]
[SourceVersion "1"]
[SourceVersionDate "2021.10.06"]
[SourceQuality "1"]
[WhiteTeam "Hameln"]
[BlackTeam "Hamburger SK II"]
[WhiteTeamCountry "GER"]
[BlackTeamCountry "GER"]

1. e4 c5 2. Nf3 d6 3. Bb5+ Nc6 4. 0-0 Bd7 5. Re1 Nf6 6. c3 a6 7. Bf1 Bg4 8. d3 g6 9. Nbd2 Bg7 10. h3 Bxf3 11. Nxf3 0-0 12. Nh2 Qc7 13. f4 b5 14. Nf3 b4 15. c4 Nd7 16. Qe2 Nd4 17. Nxd4 Bxd4+ 18. Be3 Bxe3+ 19. Qxe3 Nb8 20. d4 cxd4 21. Qxd4 Nc6 22. Qe3 e5 23. f5 Nd4 24. Bd3 f6 25. Rac1 Kg7 26. fxg6 hxg6 27. Rf1 Qc5 28. Kh2 Ne6 29. Rf3 Rh8 30. Rcf1 Nf4 31. Qd2 a5 32. Qd1 Kf7 33. Bc2 Ke7 34. Ba4 g5 35. Rxf4 exf4 36. e5 fxe5 37. Qg4 Kf6 38. Bd7 Rag8 39. Qe6+ Kg7 40. Qe7+ Kg6 41. Rd1 Kh5 42. Rxd6 Qe3 43. Bg4+ Kh4 44. Qf6 Qg3+ 45. Kh1 Qe1+ 46. Kh2 Qg3+ 1/2-1/2

[Event "DSOL 04 Liga Gr-C 1st"]
[Site "Playchess.com INT"]
[Date "2020.08.07"]
[Round "7.4"]
[White "Joppe, Gerd"]
[Black "Schmidt, Dennis"]
[Result "1-0"]
[WhiteElo "1668"]
[BlackElo "1465"]
[PlyCount "143"]
[EventDate "2020.06.22"]
[EventType "team-tourn (rapid)"]
[EventCountry "GER"]
[SourceTitle "EXT 2021"]
[Source "ChessBase"]
[SourceDate "2020.10.23"]
[SourceVersion "1"]
[SourceVersionDate "2020.10.23"]
[SourceQuality "1"]
[WhiteTeam "Hamburger SK IV"]
[BlackTeam "Hameln"]
[WhiteTeamCountry "GER"]
[BlackTeamCountry "GER"]

1. d4 e6 2. c4 d5 3. Nc3 Nf6 4. Nf3 Be7 5. e3 0-0 6. Bd3 dxc4 7. Bxc4 a6 8. Qc2 b5 9. Bd3 h6 10. 0-0 Bb7 11. Ne5 Nc6 12. Nxc6 Bxc6 13. Rd1 Bb7 14. b3 c6 15. Bb2 Rc8 16. Rac1 Nd5 17. Qe2 Nxc3 18. Bxc3 Bf6 19. Bb4 Re8 20. Bb1 Qc7 21. Qd3 g6 22. Qd2 Red8 23. Ba5 Qe7 24. Bxd8 Rxd8 25. Qa5 c5 26. dxc5 Rxd1+ 27. Rxd1 Qxc5 28. Bd3 Qg5 29. Bf1 Qg4 30. Rd7 Bc6 31. Rd6 Bd5 32. Qxa6 Be5 33. Rd8+ Kh7 34. Qxb5 Qh4 35. f4 Qxd8 36. fxe5 Qg5 37. Qd3 Qxe5 38. a4 Qb2 39. a5 Qxb3 40. Qxb3 Bxb3 41. g3 e5 42. Bg2 Bc4 43. Bb7 f5 44. a6 Bxa6 45. Bxa6 g5 46. Kf2 Kg6 47. Kf3 g4+ 48. Ke2 Kg5 49. Bb7 h5 50. Kf2 h4 51. Bc8 f4 52. gxf4+ exf4 53. e4 g3+ 54. hxg3 fxg3+ 55. Kg2 Kf4 56. Bf5 Ke5 57. Kf3 Kd4 58. Bh3 Ke5 59. Bg2 Kd4 60. Kg4 h3 61. Kxh3 Ke5 62. Kxg3 Ke6 63. Kf4 Kf6 64. Bh3 Ke7 65. Ke5 Kf7 66. Kd6 Ke8 67. Kc7 Ke7 68. e5 Ke8 69. Bg4 Ke7 70. Bd7 Kf8 71. Kd8 Kf7 72. e6+ 1-0

[Event "GER-ch Net blitz qual2"]
[Site "Playchess.com INT"]
[Date "2020.03.16"]
[Round "6"]
[White "Lohvinov, Petro"]
[Black "Schmidt, Dennis"]
[Result "1-0"]
[WhiteElo "2104"]
[BlackElo "2044"]
[PlyCount "67"]
[EventDate "2020.03.16"]
[EventType "swiss (blitz)"]
[EventRounds "9"]
[EventCountry "GER"]
[SourceTitle "CBM 195 Extra"]
[Source "ChessBase"]
[SourceDate "2020.05.31"]
[SourceVersion "1"]
[SourceVersionDate "2020.05.31"]
[SourceQuality "1"]

1. e4 c5 2. Nf3 d6 3. d3 g6 4. g3 Bg7 5. Bg2 Nc6 6. 0-0 Bd7 7. c3 Qc8 8. d4 Bh3 9. dxc5 dxc5 10. Bf4 h5 11. Nbd2 h4 12. Nc4 hxg3 13. fxg3 Bxg2 14. Kxg2 Nf6 15. Qe2 Ng4 16. Kg1 Qe6 17. Rad1 Rh5 18. Ng5 Rxg5 19. Bxg5 Nge5 20. Nxe5 Bxe5 21. Bf4 Bg7 22. Rfe1 a6 23. Rd5 Rc8 24. Red1 Kf8 25. Rxc5 Qxa2 26. Rcd5 Kg8 27. Qd2 Kh7 28. Qg2 Qb3 29. Qh3+ Kg8 30. Qxc8+ Kh7 31. Qh3+ Kg8 32. Rd8+ Bf8 33. Rxf8+ Kxf8 34. Qh8# 1-0

[Event "GER-ch Net blitz qual2"]
[Site "Playchess.com INT"]
[Date "2020.03.16"]
[Round "5"]
[White "Schmidt, Dennis"]
[Black "Kahlert, Thomas"]
[Result "0-1"]
[WhiteElo "2044"]
[BlackElo "2147"]
[PlyCount "86"]
[EventDate "2020.03.16"]
[EventType "swiss (blitz)"]
[EventRounds "9"]
[EventCountry "GER"]
[SourceTitle "CBM 195 Extra"]
[Source "ChessBase"]
[SourceDate "2020.05.31"]
[SourceVersion "1"]
[SourceVersionDate "2020.05.31"]
[SourceQuality "1"]

1. e4 e5 2. Nc3 Nf6 3. Bc4 Nc6 4. d3 Na5 5. a3 Nxc4 6. dxc4 Bc5 7. Nf3 d6 8. h3 Be6 9. Qd3 h6 10. b3 a6 11. Be3 Bxe3 12. Qxe3 Qe7 13. Nd5 Bxd5 14. cxd5 0-0 15. c4 b6 16. Nh4 Kh7 17. Nf5 Qd7 18. g4 Ng8 19. 0-0 g6 20. Ng3 Rae8 21. Rae1 Qe7 22. Qd3 Qg5 23. Kg2 a5 24. b4 axb4 25. axb4 Ra8 26. Qe3 Qxe3 27. Rxe3 Ra4 28. Rb1 Rfa8 29. Rc3 Ra3 30. Rc2 Ne7 31. c5 bxc5 32. bxc5 R8a7 33. c6 f5 34. gxf5 gxf5 35. Rb7 fxe4 36. Nxe4 Nxd5 37. Nxd6 Kg6 38. Nb5 Ra2 39. Rxa2 Rxa2 40. Nxc7 Nf4+ 41. Kf3 Rc2 42. Rb6 Kf5 43. Ne8 Rc3# 0-1

[Event "GER-ch Net blitz qual2"]
[Site "Playchess.com INT"]
[Date "2020.03.16"]
[Round "1"]
[White "Schmidt, Dennis"]
[Black "Reich, Jason"]
[Result "1-0"]
[WhiteElo "2044"]
[BlackElo "1529"]
[PlyCount "175"]
[EventDate "2020.03.16"]
[EventType "swiss (blitz)"]
[EventRounds "9"]
[EventCountry "GER"]
[SourceTitle "CBM 195 Extra"]
[Source "ChessBase"]
[SourceDate "2020.05.31"]
[SourceVersion "1"]
[SourceVersionDate "2020.05.31"]
[SourceQuality "1"]

1. e4 e5 2. Nc3 Nc6 3. Bc4 Bc5 4. Qg4 Qf6 5. Nd5 Qxf2+ 6. Kd1 Na5 7. Be2 c6 8. Nh3 Qd4 9. Nc7+ Kd8 10. Nxa8 Bf8 11. Rf1 f6 12. Qh5 g6 13. Qf3 d5 14. exd5 cxd5 15. d3 Be6 16. Bd2 Nc6 17. c3 Qc5 18. b4 Qb5 19. a4 Qa6 20. d4 b5 21. Bxb5 Qb7 22. Bxc6 Qxc6 23. dxe5 Qxa8 24. exf6 h5 25. f7 Bg4 26. fxg8Q Rxg8 27. Bg5+ Be7 28. Kc2 Bxf3 29. Rxf3 Bxg5 30. Nxg5 Qc6 31. Rd1 Kc7 32. Rf7+ Kd8 33. Rf4 Qxa4+ 34. Kc1 Qa1+ 35. Kc2 Qa2+ 36. Kd3 Re8 37. Rd2 Qb1+ 38. Kd4 Qb3 39. Kd3 Qb1+ 40. Kd4 Qg1+ 41. Kxd5 Qe3 42. Nf7+ Kc8 43. Rdd4 Qe6+ 44. Kc5 Qb6+ 45. Kc4 Re3 46. Nd6+ Kc7 47. Rf7+ Kb8 48. Rb7+ Qxb7 49. Nxb7 Kxb7 50. Rd6 g5 51. Rg6 g4 52. Rg5 Re2 53. Rxh5 Rxg2 54. Rg5 Rxh2 55. Rxg4 Rf2 56. Rg6 a6 57. Kc5 Rf5+ 58. Kc4 Kc7 59. Rg7+ Kb6 60. Rg6+ Ka7 61. Kb3 Kb7 62. c4 Rf3+ 63. Ka4 Rf4 64. c5 Rc4 65. Ka5 Rc1 66. Rg7+ Kc6 67. Rg6+ Kb7 68. Rb6+ Kc7 69. Rxa6 Rb1 70. Kb5 Kb7 71. Rh6 Kc7 72. Rh7+ Kb8 73. c6 Kc8 74. Rh6 Kc7 75. Rh7+ Kc8 76. Rh4 Kc7 77. Rc4 Kc8 78. Kc5 Kc7 79. b5 Rb3 80. Rf4 Kc8 81. Rf8+ Kc7 82. Rf7+ Kb8 83. b6 Rc3+ 84. Kb5 Rb3+ 85. Ka5 Ra3+ 86. Kb4 Ra4+ 87. Kxa4 Kc8 88. Rf8# 1-0

[Event "Niedersachsen-ch MT"]
[Site "Verden an der Aller"]
[Date "2020.01.03"]
[Round "3"]
[White "Tonndorf, Matthias"]
[Black "Schmidt, Dennis"]
[Result "0-1"]
[WhiteElo "2188"]
[BlackElo "2043"]
[PlyCount "69"]
[EventDate "2020.01.02"]
[EventType "swiss"]
[EventRounds "7"]
[EventCountry "GER"]
[SourceTitle "EXT 2023"]
[Source "ChessBase"]
[SourceDate "2022.10.05"]
[SourceVersion "1"]
[SourceVersionDate "2022.10.05"]
[SourceQuality "1"]

1. e4 c5 2. Nf3 d6 3. d4 cxd4 4. Nxd4 Nf6 5. Nc3 e6 6. g4 h6 7. h4 Nc6 8. Rg1 d5 9. exd5 Nxd5 10. Nxd5 exd5 11. Be3 Qa5+ 12. c3 Be7 13. Bb5 Bd7 14. g5 hxg5 15. hxg5 a6 16. Ba4 Rh4 17. Bxc6 bxc6 18. g6 fxg6 19. Qd3 0-0-0 20. a4 Qb6 21. Ne6 d4 22. Nxd4 c5 23. a5 Qd6 24. Rxg6 Bf6 25. 0-0-0 cxd4 26. Bg5 Bxg5+ 27. Rxg5 Qf4+ 28. Kb1 Bb5 29. Rc5+ Kb8 30. c4 Ba4 31. Qa3 Qe4+ 32. Rd3 Bc6 33. Ka2 Kc7 34. Rd1 d3 35. Qb4 0-1

[Event "Oberliga Nord W 1819"]
[Site "Germany"]
[Date "2019.04.07"]
[Round "9.3"]
[White "Schmidt, Dennis"]
[Black "Hoerstmann, Rudi"]
[Result "1/2-1/2"]
[WhiteElo "2042"]
[BlackElo "2222"]
[PlyCount "88"]
[EventDate "2018.10.21"]
[EventType "team-tourn"]
[EventRounds "9"]
[EventCountry "GER"]
[SourceTitle "EXT 2020"]
[Source "ChessBase"]
[SourceDate "2019.10.17"]
[SourceVersion "1"]
[SourceVersionDate "2019.10.17"]
[SourceQuality "1"]
[WhiteTeam "Hameln"]
[BlackTeam "Lister Turm"]
[WhiteTeamCountry "GER"]
[BlackTeamCountry "GER"]

1. e4 g6 2. d4 Bg7 3. Nc3 d6 4. f4 Nf6 5. Nf3 0-0 6. Be3 b6 7. e5 Ng4 8. Bg1 Na6 9. Bc4 c5 10. Qe2 cxd4 11. Bxd4 Nc5 12. 0-0-0 Bb7 13. h3 Nh6 14. g4 Rc8 15. Rhe1 a6 16. e6 Nxe6 17. Bxe6 Bxf3 18. Qxf3 fxe6 19. Rxe6 Bxd4 20. Rxd4 Kg7 21. Qe3 Ng8 22. Nd5 Rf7 23. Rde4 Kf8 24. Qd4 Rc5 25. c3 b5 26. Ne3 Nf6 27. f5 g5 28. b4 Rc6 29. Nd5 Rc4 30. Qd3 Nxe4 31. Rxe4 Rxe4 32. Qxe4 Qc8 33. Qd4 Kg8 34. Qe3 Qf8 35. Qxg5+ Qg7 36. Qd2 Qe5 37. Nf4 Rf8 38. Ne6 Rc8 39. Kb2 h6 40. Nd4 Kh7 41. Qd3 Kg7 42. Qf3 Qe1 43. f6+ Kf7 44. fxe7+ Ke8 1/2-1/2

[Event "Oberliga Nord W 1819"]
[Site "Germany"]
[Date "2019.02.24"]
[Round "7.5"]
[White "Schmidt, Dennis"]
[Black "Schuette, Marc"]
[Result "1/2-1/2"]
[WhiteElo "2042"]
[BlackElo "2099"]
[PlyCount "87"]
[EventDate "2018.10.21"]
[EventType "team-tourn"]
[EventRounds "9"]
[EventCountry "GER"]
[SourceTitle "EXT 2020"]
[Source "ChessBase"]
[SourceDate "2019.10.17"]
[SourceVersion "1"]
[SourceVersionDate "2019.10.17"]
[SourceQuality "1"]
[WhiteTeam "Hameln"]
[BlackTeam "Oldenburg Union"]
[WhiteTeamCountry "GER"]
[BlackTeamCountry "GER"]

1. e4 e6 2. d3 d5 3. Nd2 Nf6 4. Ngf3 Bc5 5. e5 Nfd7 6. g3 Nc6 7. Nb3 Be7 8. d4 a5 9. a4 b6 10. c3 0-0 11. Bd3 f6 12. Qe2 fxe5 13. dxe5 Rxf3 14. Qxf3 Ncxe5 15. Qe2 Nxd3+ 16. Qxd3 Ne5 17. Qe3 Nc4 18. Qe2 Bf6 19. 0-0 e5 20. Rd1 Ba6 21. Qg4 Qd6 22. Nd2 Rf8 23. Nxc4 Bxc4 24. Bg5 Bb3 25. Rd2 c5 26. Re1 Kh8 27. Bxf6 gxf6 28. f4 e4 29. Qf5 Qe7 30. Re3 Rd8 31. g4 Rd6 32. h4 Qe6 33. Qh5 d4 34. cxd4 cxd4 35. Rxb3 Qxb3 36. Qe8+ Qg8 37. Qxe4 Qxg4+ 38. Rg2 Qc8 39. Qe7 Qc1+ 40. Kh2 Qxf4+ 41. Kh1 Qf1+ 42. Kh2 Qf4+ 43. Kh1 Qf1+ 44. Kh2 1/2-1/2

[Event "Niedersachsen-ch op A"]
[Site "Verden"]
[Date "2019.01.05"]
[Round "6"]
[White "Bulygin, Anton"]
[Black "Schmidt, Dennis"]
[Result "1/2-1/2"]
[WhiteElo "1904"]
[BlackElo "2018"]
[PlyCount "34"]
[EventDate "2019.01.03"]
[EventType "swiss"]
[EventRounds "7"]
[EventCountry "GER"]
[SourceTitle "EXT 2022"]
[Source "ChessBase"]
[SourceDate "2021.10.06"]
[SourceVersion "1"]
[SourceVersionDate "2021.10.06"]
[SourceQuality "1"]

1. c4 c5 2. Nc3 Nc6 3. e4 g6 4. g3 Bg7 5. Bg2 d6 6. d3 Bd7 7. Nge2 Rb8 8. h3 a6 9. a4 e6 10. 0-0 Nge7 11. Bg5 h6 12. Bf4 Qc7 13. Rb1 0-0 14. Be3 Nd4 15. Qd2 Nb3 16. Qc2 Nd4 17. Qd2 Nb3 1/2-1/2

[Event "Niedersachsen-ch op A"]
[Site "Verden"]
[Date "2019.01.03"]
[Round "1"]
[White "Schmidt, Dennis"]
[Black "Weigand, Anton"]
[Result "1/2-1/2"]
[WhiteElo "2018"]
[BlackElo "1806"]
[PlyCount "160"]
[EventDate "2019.01.03"]
[EventType "swiss"]
[EventRounds "7"]
[EventCountry "GER"]
[SourceTitle "EXT 2022"]
[Source "ChessBase"]
[SourceDate "2021.10.06"]
[SourceVersion "1"]
[SourceVersionDate "2021.10.06"]
[SourceQuality "1"]

1. e4 e6 2. d3 d5 3. Nd2 Nd7 4. g3 Ngf6 5. Bg2 Bc5 6. Ngf3 0-0 7. 0-0 dxe4 8. dxe4 b6 9. e5 Ng4 10. h3 Nh6 11. Ne4 Nf5 12. g4 Ne7 13. Nxc5 Nxc5 14. Bg5 Qxd1 15. Rfxd1 Ng6 16. h4 h6 17. Be3 Bb7 18. h5 Ne7 19. Bxc5 bxc5 20. Rd7 Nd5 21. Ne1 Rac8 22. c4 Bc6 23. Rxd5 exd5 24. cxd5 Bb5 25. Rc1 c4 26. Nc2 Rfe8 27. Nd4 Rb8 28. e6 fxe6 29. dxe6 Kf8 30. Nxb5 Rxb5 31. Bc6 Rg5 32. Bxe8 Rxg4+ 33. Kf1 Kxe8 34. f3 Rh4 35. Kg2 Ke7 36. Kg3 Rd4 37. b3 Kxe6 38. bxc4 Rd2 39. Re1+ Kf6 40. a3 Rd3 41. Rb1 Rxa3 42. Rb7 c6 43. Rd7 Re3 44. Rxa7 Re5 45. Rd7 Rg5+ 46. Kf4 c5 47. Rd6+ Ke7 48. Rc6 Rxh5 49. Ke4 Rh4+ 50. Kd5 Rf4 51. Rg6 Kf7 52. Rg3 Rf5+ 53. Ke4 g6 54. f4 Kf6 55. Rd3 Ke6 56. Ra3 h5 57. Ra6+ Kf7 58. Ra7+ Kf6 59. Rh7 Ke6 60. Rg7 Rf6 61. Rc7 Kd6 62. Ra7 Re6+ 63. Kf3 Kc6 64. Ra6+ Kd7 65. Ra7+ Kd6 66. Ra6+ Ke7 67. Ra7+ Kd8 68. Ra5 Rc6 69. Ke4 Kc7 70. Kd5 Kb6 71. Rb5+ Kc7 72. Ra5 h4 73. Ra7+ Kb6 74. Rh7 Rf6 75. Rxh4 g5 76. fxg5 Rf5+ 77. Kd6 Rxg5 78. Rh1 Rg6+ 79. Kd5 Rg5+ 80. Kd6 Rg6+ 1/2-1/2

[Event "Oberliga Nord W 1819"]
[Site "Germany"]
[Date "2018.10.21"]
[Round "1.5"]
[White "Schmidt, Dennis"]
[Black "Herrmann, Andreas"]
[Result "0-1"]
[WhiteElo "2042"]
[BlackElo "2156"]
[PlyCount "84"]
[EventDate "2018.10.21"]
[EventType "team-tourn"]
[EventRounds "9"]
[EventCountry "GER"]
[SourceTitle "EXT 2020"]
[Source "ChessBase"]
[SourceDate "2019.10.17"]
[SourceVersion "1"]
[SourceVersionDate "2019.10.17"]
[SourceQuality "1"]
[WhiteTeam "Hameln"]
[BlackTeam "Hannover SF"]
[WhiteTeamCountry "GER"]
[BlackTeamCountry "GER"]

1. e4 c5 2. Nf3 d6 3. Bb5+ Bd7 4. Bxd7+ Nxd7 5. 0-0 Ngf6 6. Re1 e6 7. c3 Be7 8. d4 0-0 9. Nbd2 Qc7 10. Qe2 Rfe8 11. e5 dxe5 12. dxe5 Nd5 13. a4 Nf4 14. Qe4 Ng6 15. Nc4 Nb6 16. h4 Nxc4 17. Qxc4 Rad8 18. h5 Nf8 19. Bf4 Qd7 20. Rad1 Qxd1 21. Rxd1 Rxd1+ 22. Kh2 Red8 23. Qe4 R8d7 24. Be3 R1d5 25. g4 h6 26. Kg2 Nh7 27. a5 Rd8 28. a6 bxa6 29. Qa4 Bg5 30. Nxg5 hxg5 31. Qe4 Rb8 32. b4 cxb4 33. cxb4 a5 34. Bc5 axb4 35. Bxb4 a5 36. Bd6 Rc8 37. Qb1 Nf6 38. Qb7 Rd8 39. Qe7 R5xd6 40. exd6 Rd7 41. f4 Rxe7 42. dxe7 gxf4 0-1

[Event "Niedersachsen-ch op-B"]
[Site "Verden"]
[Date "2017.01.08"]
[Round "7"]
[White "Warns, Heiko"]
[Black "Schmidt, Dennis"]
[Result "1/2-1/2"]
[WhiteElo "2144"]
[BlackElo "2028"]
[PlyCount "52"]
[EventDate "2017.01.05"]
[EventType "swiss"]
[EventRounds "7"]
[EventCountry "GER"]
[SourceTitle "CBM 187 Extra"]
[Source "ChessBase"]
[SourceDate "2018.11.04"]
[SourceVersion "1"]
[SourceVersionDate "2018.11.04"]
[SourceQuality "1"]

1. e4 c5 2. g3 Nc6 3. Bg2 g6 4. Ne2 Bg7 5. 0-0 d6 6. c3 e5 7. d3 Be6 8. h3 Qd7 9. Kh2 Nge7 10. Be3 b6 11. d4 Bc4 12. d5 Nd8 13. Nd2 Ba6 14. b4 0-0 15. a4 cxb4 16. cxb4 f5 17. b5 Bc8 18. Nc4 Rb8 19. a5 bxa5 20. Rxa5 Rxb5 21. Rxa7 Rb7 22. Qa4 Rxa7 23. Qxa7 Qxa7 24. Bxa7 Ba6 25. Rc1 Nb7 26. Rc3 fxe4 1/2-1/2

[Event "Niedersachsen-ch op"]
[Site "Verden"]
[Date "2016.01.03"]
[Round "2"]
[White "Rein, Joachim"]
[Black "Schmidt, Dennis"]
[Result "0-1"]
[WhiteElo "1876"]
[BlackElo "2022"]
[PlyCount "90"]
[EventDate "2016.01.03"]
[EventType "swiss"]
[EventRounds "7"]
[EventCountry "GER"]
[SourceTitle "EXT 2018"]
[Source "ChessBase"]
[SourceDate "2017.10.13"]
[SourceVersion "1"]
[SourceVersionDate "2017.10.13"]
[SourceQuality "1"]

1. d4 d5 2. e3 c6 3. f4 g6 4. Nf3 Bg7 5. c3 Nh6 6. Bd3 0-0 7. 0-0 Bf5 8. Qe2 Nd7 9. Nbd2 Qc7 10. e4 dxe4 11. Nxe4 Rad8 12. Be3 Ng4 13. Rad1 Nxe3 14. Qxe3 Bh6 15. Nh4 Bxe4 16. Qxe4 Nf6 17. Qf3 c5 18. dxc5 Qxc5+ 19. Kh1 Rd6 20. g3 Rb6 21. Qf2 Qd5+ 22. Kg1 Ng4 23. Qe2 Qc5+ 24. Kh1 Ne3 25. Nf3 Nxf1 26. Rxf1 Bg7 27. f5 e5 28. fxg6 hxg6 29. Bc4 Rc6 30. Bb3 Rf6 31. Ng5 Rxf1+ 32. Qxf1 Qc6+ 33. Kg1 Qf6 34. Qc1 Bh6 35. h4 Bxg5 36. hxg5 Qf3 37. Qe1 e4 38. Bd5 Re8 39. c4 b6 40. b3 Re5 41. Qf2 Qxf2+ 42. Kxf2 e3+ 43. Ke2 Kf8 44. a4 a5 45. Bc6 Rxg5 0-1

[Event "Hannover Ihme Cup"]
[Site "Hannover"]
[Date "2015.05.09"]
[Round "3"]
[White "Jacobi, Felix Hagen"]
[Black "Schmidt, Dennis"]
[Result "1-0"]
[WhiteElo "1969"]
[BlackElo "2036"]
[PlyCount "56"]
[EventDate "2015.05.08"]
[EventType "swiss"]
[EventRounds "5"]
[EventCountry "GER"]
[SourceTitle "EXT 2021"]
[Source "ChessBase"]
[SourceDate "2020.10.23"]
[SourceVersion "1"]
[SourceVersionDate "2020.10.23"]
[SourceQuality "1"]

1. e4 c5 2. f4 d5 3. exd5 Nf6 4. Bb5+ Nbd7 5. c4 a6 6. Ba4 b5 7. cxb5 Nxd5 8. Nf3 N7b6 9. bxa6+ Nxa4 10. Qxa4+ Bd7 11. Qc4 Nb4 12. 0-0 Qb6 13. Nc3 Rb8 14. Ng5 e6 15. f5 Be7 16. Nxf7 0-0 17. Ne5 Bc8 18. a7 Ra8 19. Qe4 c4+ 20. d4 Rxa7 21. Nxc4 Qa6 22. Qe2 exf5 23. Bf4 Bf6 24. Bd6 Bxd4+ 25. Kh1 Nc2 26. Bxf8 Nxa1 27. Bb4 Be6 28. Rxf5 Qxc4 1-0